| 000 | 00834pam a2200265 a 4500 | ||
|---|---|---|---|
| 001 | 3352552 | ||
| 005 | 20250115085940.0 | ||
| 008 | 861105s1987 nyua b 001 0 eng c | ||
| 020 |
_a0814717829 : _c$55.00 |
||
| 050 | 0 | 0 |
_aQP341 _b.D48 1987 |
| 082 | 0 | 0 |
_a612/.8043 _219 |
| 100 | 1 |
_aDeutsch, Sid, _d1918- |
|
| 245 | 1 | 0 |
_aNeuroelectric systems / _cSid Deutsch and Evangelia Micheli-Tzanakou. |
| 260 |
_aNew York : _bNew York University Press, _cc1987. |
||
| 300 |
_axlii, 479 p. : _bill. ; _c24 cm. |
||
| 440 | 0 | _aNew York University biomedical engineering series | |
| 650 | 0 | _aElectrophysiology. | |
| 650 | 0 | _aNeurophysiology. | |
| 650 | 0 | _aNervous system. | |
| 650 | 0 | _aBrain. | |
| 650 | 2 | _aElectrophysiology. | |
| 650 | 2 |
_aNervous System _xphysiology. |
|
| 700 | 2 |
_aMicheli-Tzanakou, Evangelia, _d1942- |
|
| 942 |
_2lcc _cBK _n0 |
||
| 999 |
_c2538 _d2538 |
||